Normal view
MARC view
Entry Personal Name
001 - CONTROL NUMBER
- control field: 1239533
003 - CONTROL NUMBER IDENTIFIER
- control field: OSt
005 - DATE AND TIME OF LATEST TRANSACTION
- control field: 20260514122541.0
008 - FIXED-LENGTH DATA ELEMENTS
- fixed length control field: 260514|| aca||aabn | a|a d
040 ## - CATALOGING SOURCE
- Original cataloging agency: OSt
- Transcribing agency: OSt
100 ## - HEADING--PERSONAL NAME
- Personal name: Dr.J.K.Sahni
670 ## - SOURCE DATA FOUND
- Source citation: Work cat.: (OSt)1851485: Shukla Dr.Indu 1239531, Clinical Profile of Airway Obstruction in Pediatric age Group.
